50 Biggest U.S. Combined Metropolitan Areas - Statistics

General Stats
  • This quiz has been taken 540 times
  • The average score is 43 of 50
Answer Stats
Population C.M.A. % Correct
22,535,017 New York - Newark
100%
9,965,292 Chicago - Naperville
99%
9,051,994 Dallas - Fort Worth
99%
8,105,280 Houston - Pasadena
99%
18,444,299 Los Angeles - Long Beach
99%
7,255,606 Miami - Port St. Lucie - Fort Lauderdale
99%
9,140,485 San Jose - San Francisco - Oakland
99%
8,521,063 Boston - Worcester - Providence
98%
5,127,377 Seattle - Tacoma
98%
10,274,894 Washington - Baltimore - Arlington
98%
7,426,769 Atlanta - Athens - Sandy Springs
97%
3,333,552 Portland - Vancouver - Salem
97%
5,416,003 Detroit - Warren - Ann Arbor
96%
3,799,023 Denver - Aurora - Greeley
95%
7,493,171 Philadelphia - Reading - Camden
95%
5,282,739 Phoenix - Mesa
95%
3,743,802 Cleveland - Akron - Canton
94%
4,188,378 Minneapolis - St. Paul
94%
2,620,945 Austin - Round Rock - San Marcus
93%
3,533,073 Charlotte - Concord
93%
2,609,913 Kansas City - Overland Park - Kansas City
93%
2,452,592 Nashville-Davidson - Murfreesboro
93%
2,895,704 San Antonio - New Braunfels - Kerrville
93%
3,282,248 San Diego - Chula Vista - Carlsbad
93%
3,418,895 Tampa - St. Petersburg - Clearwater
93%
1,923,377 Jacksonville - Kingsland - Palatka
92%
4,737,167 Orlando - Lakeland - Deltona
92%
2,918,612 St. Louis - St. Charles - Farmington
92%
2,722,834 Indianapolis - Carmel - Muncie
91%
1,383,061 Memphis - Clarksdale - Forrest City
90%
1,354,257 New Orleans - Metairie - Slidell
90%
2,725,198 Pittsburgh - Weirton - Steubenville
90%
2,711,018 Columbus - Marion - Zanesville
89%
2,464,562 Las Vegas - Henderson
89%
1,587,915 Oklahoma City - Shawnee
87%
2,484,238 Raleigh - Durham - Cary
86%
2,055,658 Milwaukee - Racine - Waukesha
85%
1,531,175 Louisville - Elizabethtown
82%
2,355,159 Cincinnati - Wilmington
81%
2,766,663 Sacramento - Roseville
81%
2,906,647 Salt Lake City - Provo - Orem
80%
1,877,659 Virginia Beach - Chesapeake
75%
1,389,338 Richmond
73%
1,357,710 Fresno - Hanford - Corcoran
70%
1,383,539 Birmingham - Cullman - Talladega
64%
2,710,317 New Haven - Hartford - Waterbury
64%
1,776,615 Greensboro - Winston-Salem - High Point
52%
1,527,054 Grand Rapids - Wyoming
43%
1,354,284 Cape Coral - Fort Myers - Naples
30%
1,659,022 Greenville - Spartanburg - Anderson
25%
No matching quizzes found
Score Distribution
Percent of People with Each Score
Percentile by Number Answered
Your Score History
You have not taken this quiz